000 00310nam a2200133Ia 4500
008 150301s2013 xx 000 0 und d
082 _a611
_bD13T
100 _aTANK, PATRIEC W.
245 _aGRANT'S DISSECTOR
260 _bWOLTERS KLUWER
_c2013
300 _a305
650 _aHUMAN ANATOMY
942 _2ddc
_cBK
999 _c6750
_d6750